Formula one drivers line-up 1990 - Statistics

General Stats
  • This quiz has been taken 205 times
  • The average score is 27 of 43
Answer Stats
Constructor Rounds Driver Nationality % Correct
Ferrari All Alain Prost France
95%
Ferrari All Nigel Mansell UK
88%
McLaren All Ayrton Senna Brazil
82%
Tyrrell All Satoru Nakajima Japan
81%
Tyrrell All Jean Alesi France
78%
Williams All Riccardo Patrese Italy
77%
McLaren All Gerhard Berger Austria
76%
Benetton All Nelson Piquet Brazil
76%
Williams All Thierry Boutsen Belgium
74%
Brabham 3-16 David Brabham Australia
68%
Lotus 15-16 Johnny Herbert UK
68%
Dallara All Andrea de Cesaris Italy
66%
Life 1-2 Gary Brabham Australia
66%
Onyx 1-10 JJ Lehto Finland
65%
Benetton 15-16 Roberto Moreno Brazil
65%
EuroBrun 1-14 Roberto Moreno Brazil
65%
Onyx 1-2 Stefan Johansson Sweden
65%
Benetton 1-14 Alessandro Nannini Italy
64%
Leyton House All Ivan Capelli Italy
62%
Arrows All Michele Alboreto Italy
62%
Lola All Aguri Suzuki Japan
61%
Ligier All Nicola Larini Italy
59%
Leyton House All Maurício Gugelmin Brazil
58%
Brabham All Stefano Modena Italy
58%
Ligier All Philippe Alliot France
57%
Minardi All Pierluigi Martini Italy
57%
Lotus All Derek Warwick UK
55%
Dallara 1-2 Gianni Morbidelli Italy
55%
Minardi 15-16 Gianni Morbidelli Italy
55%
Arrows 1, 14 Bernd Schneider Germany
54%
Life 3-14 Bruno Giacomelli Italy
54%
Lotus 1-14 Martin Donnelly UK
54%
Coloni All Bertrand Gachot Belgium
53%
Dallara 3-16 Emanuele Pirro Italy
53%
Arrows 2-13, 15-16 Alex Caffi Italy
51%
Brabham 1-2 Gregor Foitek Switzerland
51%
Onyx 3-10 Gregor Foitek Switzerland
51%
Osella All Olivier Grouillard France
51%
AGS All Gabriele Tarquini Italy
50%
Lola All Éric Bernard France
47%
AGS All Yannick Dalmas France
47%
Minardi 1-14 Paolo Barilla Italy
45%
EuroBrun 1-14 Claudio Langes Italy
38%
No matching quizzes found
Score Distribution
Percent of People with Each Score
Percentile by Number Answered
Your Score History
You have not taken this quiz